00822nam a2200217Ia 450000500170000000800410001704000320005804100080009008200110009811000180010924501400012726000320026730000270029965000180032665000330034465000220037765000230039994200490042299900150047195201180048620230426190301.0230303t2006||||xx |||||||||||||| ||und|| aODONTObspacODONTOdODONTO aesp aF(116) aAprofam93698 0aDesarrollo humano y población :bcalendario demográfico 2006 /cAsociación Pro Bienestar de la Familia de Guatemala - APROFAM. -- aGuatemala:bAPROFAM,c2006. a28 p. :bil. ;c17 cm.02aPobreza9359802aDesarrollo económico9398402aPoblación9401502aDemografía94016 aBiblioteca de OdontologíacBKkF(116)2ddc c1301d1301 00102ddc4070aODONTObODONTOd2006-06-25eAPROFAMg5.00i10-H-s.n.oF(116)pF00000128r2023-03-03 00:00:00yBK